Markets (Record no. 82914)
[ view plain ]
| 000 -LEADER | |
|---|---|
| fixed length control field | 00986cab a22001935a 4500 |
| 001 - CONTROL NUMBER | |
| control field | L152208 |
| 008 - FIXED-LENGTH DATA ELEMENTS--GENERAL INFORMATION | |
| fixed length control field | 110210e20110128xxk 000 0 eng d |
| 035 ## - SYSTEM CONTROL NUMBER | |
| System control number | (Sirsi) u152208 |
| 041 0# - LANGUAGE CODE | |
| Language code of text/sound track or separate title | eng |
| 100 1# - MAIN ENTRY--PERSONAL NAME | |
| Personal name | Sandher, Hardeep |
| 245 00 - TITLE STATEMENT | |
| Title | Markets |
| Remainder of title | North-east |
| 260 ## - PUBLICATION, DISTRIBUTION, ETC. | |
| Date of publication, distribution, etc. | 2011 |
| 490 #0 - SERIES STATEMENT | |
| Series statement | Property Week |
| Volume/sequential designation | 77(4) 28 January 2011, 43-50(5) |
| 520 ## - SUMMARY, ETC. | |
| Summary, etc. | Newcastle City Council to invest in East Pilgrim Street and Stephenson Quarter schemes. One North East has been replaced by two local enterprise partnerships and the North East Economic Partnership. Durham office glut signals the beginning of the end for enterprise zones in the region. Newcastle's Eldon Square extension gives retailers opportunities to upsize. Redundant Federation Brewery site in Gateshead to be sold by Heneken UK. Durham Ice Rink redeveloper shortlist about to be announced. |
| 590 ## - LOCAL NOTE (RLIN) | |
| Local note | KA |
| 651 #4 - SUBJECT ADDED ENTRY--GEOGRAPHIC NAME | |
| Geographic name | England |
| Chronological subdivision | 886- |
| 690 ## - LOCAL SUBJECT ADDED ENTRY--TOPICAL TERM (OCLC, RLIN) | |
| Topical term or geographic name as entry element | PROPERTY-COMMERCIAL PROPERTY-COMMERCIAL PROPERTY MARKET |
| 942 ## - ADDED ENTRY ELEMENTS (KOHA) | |
| Suppress in OPAC | 0 |
| Withdrawn status | Lost status | Source of classification or shelving scheme | Damaged status | Not for loan | Home library | Current library | Shelving location | Date acquired | Total Checkouts | Full call number | Barcode | Date last seen | Copy number | Price effective from | Koha item type |
|---|---|---|---|---|---|---|---|---|---|---|---|---|---|---|---|
| Dewey Decimal Classification | London | London | Journal article | 10/02/2011 | L152208 | 152208-1001 | 06/08/2019 | 1 | 06/08/2019 | Journal article |